00841nam a2200217 i 4500001001000000003000900010005001700019007000300036008004100039040003000080041000800110082002700118110007000145240001800215245022000233264005500453300002700508336002700535337003300562338002800595000028907DO-SdBNP20260119081133.0ta110412d2004 dr r 000 0 spa d aDO-SdBNPbspacBNPHUerda aspa 4a347.05bR426m 20042221 aRepública DominicanabPoder JudicialcSuprema Corte de Justicia10a[Leyes, etc.]10aMedidas anticipadas a la vigencia del nuevo código para el sistema de protección y los derechos fundamentales de los niños y niñas adolescentes :bley 136-03 (resolución 602-2004), (resolución 699-2004). 1aSanto Domingo :bSuprema Corte de Justicia,c2004. a45 páginas ;c22 cm. atextobtxt2rdacontent asin mediaciónbn2rdamedia avolumenbnc2rdacarrier